01157nam a2200313Ia 450000500170000000800410001702000190005810000270007724500990010425000200020330000510022349000220027452100610029653400400035765000510039765000480044865000410049665000390053770000370057670000420061394200150065526400240067033600270069433700330072133800280075404000350078208400110081799900150082820220317001056.0160825s2008 sp a g 000 0 spa  a978843482280121 aInkiow, Dimiterd1932-10aMatrioskacDimiter Inkiow ; ilustrado por Roser Rius ; traducido por alemánbMarinella Terzi a22a. edición  a59 páginas bilustraciones en color c19 cm  aEl barco de vapor aRecomendado para un público infantil mayor de 5 años tDie puppe, die ein baby haben wolve142LEMBaCuentos infantiles búlgaros ySiglo XX142LEMBaLiteratura infantil bulgaraySiglo XX142LEMB aMatrioscas en la literatura 142LEMB aMuñecos en la literatura 1 aRius Camps, Roserd1947- 9653391 aTerzi Huguet, Marinellad1958-965340 2loccBKINF aMadridbS. M.c2008 atextobtxt2rdacontent asin mediaciónbn2rdamedia avolumenbnc2rdacarrier aCO-BoRNBPbspaerdacCO-BoRNBP aC INK1 c5859d5859